000 00548nam a22001937a 4500
005 20251108172857.0
008 250721s2004 xx 000 0 ara d
082 1 4 _a796.076/رقا
100 1 _aالرقاد، رائد
245 1 0 _aالثقافة الرياضية /
264 1 _aعمان :
_bدار تسنيم،
_c2004.
300 _a311 ص.
650 1 7 _aالألعاب الرياضية
650 1 7 _aالثقافة
700 1 _aالضمور، هشام
700 1 _aالعواملة، أحمد
942 _2ddc
_cBK
999 _c90697
_d90697